000 01291nam a2200289 a 4500
001 BRCA_5030
005 20190320204918.0
008 031110s1811----mx-####f#v---#000-0#spa-#
041 _aspa
044 _amx
084 _aDOC12
_b.L37
_c1811
100 1 _aLarios, José María
_cInsurgente
_912846
245 1 0 _aDocumento firmado por Don José María Larios
_cJosé María Larios, Doña María Josefa Gris.
260 _aOaxaca, México
_c1811
300 _a[2] fojas
_c20 x 15 cm.
500 _aDocumento firmado el 12 de septiembre de 1811
500 _aPetición de dinero a nombre de la religión para la defensa de Oaxaca contra el ataque de Morelos. Firmada en Oaxaca por Don José María Larios y dirigida a Doña María Josefa Gris
500 _aEl documento contiene la leyenda DOC. #21
500 _aEstado de conservación: contiene manchas color rojo y acido
506 0 _aFondo reservado: para su consulta es necesario credencial de usuario y carta de motivos.
546 _aTexto en: español de principios del siglo XIX.
600 1 4 _aLarios, José María
_cInsurgente
_xHistoria
_912847
651 4 _aMéxico
_vImpreso con rúbricas
_xHistoria
_yGuerra de Independencia, 1810-1821
_912848
700 1 _aGris, María Josefa
_912849
902 _aFDH
942 _2lcc
_cD
999 _c4724
_d4724